000 00917pam a2200277 a 4500
001 566101
003 OSt
005 20230605093423.0
008 891107s1990 njua b 001 0 eng
010 _a 89048658
020 _a0135953561
040 _aDLC
_cDLC
_dDLC
_e20
043 _ae------
082 0 0 _a320.3094
245 0 0 _aModern political systems :
_bEurope /
_cRoy C. Macridis, editor.
250 _a7th ed.
260 _aEnglewood Cliffs, N.J. :
_bPrentice Hall,
_cc1990.
300 _axvi, 429 p. :
_bill. ;
_c25 cm.
504 _aIncludes bibliographical references and index.
650 0 _aComparative government.
651 0 _aEurope
_xPolitics and government.
700 1 _aMacridis, Roy C.
906 _a7
_bcbc
_corignew
_d1
_eocip
_f19
_gy-gencatlg
942 _2ddc
_cBK
999 _c236
_d236